| 000 | 00772nam a2200205Ia 4500 | ||
|---|---|---|---|
| 003 | IT-RoPAU | ||
| 005 | 20220918175854.0 | ||
| 008 | 120407s9999 xx 000 0 und d | ||
| 040 |
_aIT-RoPAU _c20130626085722.0 |
||
| 040 | _cIT-RoPAU | ||
| 041 | _aita | ||
| 100 |
_aBruno Carmine Giovanni _9732 |
||
| 245 | _aBriciole di Mistero | ||
| 260 |
_aRoncade (Treviso) _bGrafiche DI. PRO _c1991 |
||
| 300 |
_a41 p. _c21 cm |
||
| 490 | _aEdizioni Segno | ||
| 520 | _aIndice 1. Primo incontro 2. La Lucciola Eucaristica 3. L'Incenso 4. Il Giorno del Signore 5. Pane e VIno 6. Venite e Mangiate all'ora convenuta 7. Nascita di Isacco 8. Tempo Sacro 9. Pellegrinaggio Mariano 10. La Legge dell'Amore 11. Confesso 12. Un Fiore sull'Altare | ||
| 942 |
_cBK _2ddc |
||
| 999 |
_c34229 _d34229 |
||